LEADER 02403nam0 2200493 i 450 001 VAN00127036 005 20240806100823.172 017 70$2N$a9783030194550 100 $a20200220d2019 |0itac50 ba 101 $aeng 102 $aCH 105 $a|||| ||||| 200 1 $aMoments of Linear Positive Operators and Approximation$fVijay Gupta, Michael Th. Rassias 210 $aCham$cSpringer$d2019 215 $aviii, 96 p.$d24 cm 410 1$1001VAN00102596$12001 $aSpringerBriefs in mathematics$1210 $aBerlin [etc.]$cSpringer$d2011- 500 1$3VAN00236912$aMoments of Linear Positive Operators and Approximation$92566087 606 $a30-XX$xFunctions of a complex variable [MSC 2020]$3VANC020785$2MF 606 $a32-XX$xSeveral complex variables and analytic spaces [MSC 2020]$3VANC024999$2MF 606 $a34-XX$xOrdinary differential equations [MSC 2020]$3VANC021251$2MF 606 $a35-XX$xPartial differential equations [MSC 2020]$3VANC019763$2MF 606 $a41-XX$xApproximations and expansions [MSC 2020]$3VANC022010$2MF 606 $a46-XX$xFunctional analysis [MSC 2020]$3VANC019764$2MF 606 $a47-XX$xOperator theory [MSC 2020]$3VANC019759$2MF 606 $a49-XX$xCalculus of variations and optimal control; optimization [MSC 2020]$3VANC019757$2MF 610 $aDetermining moments$9KW:K 610 $aDirect calculations$9KW:K 610 $aHypergeometric series$9KW:K 610 $aLinear positive operators$9KW:K 610 $aOrdinary Differential Equations$9KW:K 610 $aPartial Differential Equations$9KW:K 610 $aRecurrence relations$9KW:K 620 $aCH$dCham$3VANL001889 700 1$aGupta$bVijay K.$3VANV080580$01057704 701 1$aRassias$bMichael Th.$f1987- $3VANV080299$0767171 712 $aSpringer $3VANV108073$4650 801 $aIT$bSOL$c20250411$gRICA 856 4 $uhttp://doi.org/10.1007/978-3-030-19455-0$zE-book ? Accesso al full-text attraverso riconoscimento IP di Ateneo, proxy e/o Shibboleth 899 $aBIBLIOTECA DEL DIPARTIMENTO DI MATEMATICA E FISICA$1IT-CE0120$2VAN08 912 $fN 912 $aVAN00127036 950 $aBIBLIOTECA DEL DIPARTIMENTO DI MATEMATICA E FISICA$d08DLOAD e-book 1670 $e08eMF1670 20200220 996 $aMoments of Linear Positive Operators and Approximation$92566087 997 $aUNICAMPANIA LEADER 03317nam 22008534a 450 001 9910974291403321 005 20251116233815.0 010 $a0-19-518797-0 010 $a1-280-48140-4 010 $a9786610481408 010 $a0-19-803217-X 010 $a1-60256-973-8 010 $a0-19-518502-1 035 $a(PPN)276685636 035 $a(CKB)2560000000296430 035 $a(EBL)3051844 035 $a(OCoLC)922952430 035 $a(SSID)ssj0001143625 035 $a(PQKBManifestationID)12513062 035 $a(PQKBTitleCode)TC0001143625 035 $a(PQKBWorkID)11112405 035 $a(PQKB)11336956 035 $a(SSID)ssj0000085978 035 $a(PQKBManifestationID)11115839 035 $a(PQKBTitleCode)TC0000085978 035 $a(PQKBWorkID)10025600 035 $a(PQKB)11498173 035 $a(StDuBDS)EDZ0000073255 035 $a(MiAaPQ)EBC3051844 035 $a(Au-PeEL)EBL3051844 035 $a(CaPaEBR)ebr10084829 035 $a(CaONFJC)MIL48140 035 $a(MiAaPQ)EBC279713 035 $a(Au-PeEL)EBL279713 035 $a(OCoLC)191038694 035 $a(MiAaPQ)EBC7033899 035 $a(OCoLC)48474073 035 $a(FINmELB)ELB163038 035 $a(Au-PeEL)EBL7033899 035 $a(OCoLC)57361805 035 $a(EXLCZ)992560000000296430 100 $a20011119d2002 uy 0 101 0 $aeng 135 $aur|n|---||||| 181 $ctxt 182 $cc 183 $acr 200 10$aConceptualizing music $ecognitive structure, theory, and analysis /$fLawrence M. Zbikowski 205 $a1st ed. 210 $aOxford ;$aNew York $cOxford University Press$d2002 215 $a1 online resource (377 p.) 225 1 $aAMS studies in music 300 $aDescription based upon print version of record. 311 08$a0-19-514023-0 311 08$a0-19-987127-2 320 $aIncludes bibliographical references (p. 335-352) and index. 327 $aContents; Introduction: Conceptualizing Music; PART I. ASPECTS OF COGNITIVE STRUCTURE; 1. Categorization; 2. Cross-Domain Mapping; 3. Conceptual Models and Theories; PART II. ANALYSIS AND THEORY; 4. Categorization, Compositional Strategy, and Musical Syntax; 5. Cultural Knowledge and Musical Ontology; 6.Words, Music, and Song: The Nineteenth-Century Lied; 7. Competing Models of Music: Theories of Musical Form and Hierarchy; Conclusion: Cognitive Structure, Theory, and Analysis; Bibliography; Index; A; B; C; D; E; F; G; H; I; J; K; L; M; N; O; P; Q; R; S; T; U; V; W; Y; Z 330 8 $aThis text shows how work in cognitive science, especially that developed by cognitive linguists and cognitive psychologists can be used to explain how we understand music. The book focuses on three cognitive processes - categorization, cross-domain mapping, and the use of the conceptual model. 410 0$aAMS studies in music. 606 $aMusical perception 606 $aMusical analysis 606 $aCognition 615 0$aMusical perception. 615 0$aMusical analysis. 615 0$aCognition. 676 $a781/.11 700 $aZbikowski$b Lawrence Michael$01860183 801 0$bMiAaPQ 801 1$bMiAaPQ 801 2$bMiAaPQ 906 $aBOOK 912 $a9910974291403321 996 $aConceptualizing music$94464768 997 $aUNINA